Guess the lyrics (#44) - Statistics

General Stats
  • This quiz has been taken 248 times
    220 since last reset
  • The average score is 43 of 106
Answer Stats
Answer % Correct
I
99%
a
93%
the
90%
you
89%
You
89%
When
78%
to
75%
it
74%
your
74%
on
69%
Go
66%
they
62%
that
57%
too
54%
It's
49%
not
49%
will
48%
say
40%
up
40%
Get
38%
time
36%
Now
33%
never
32%
down
31%
good
30%
out
30%
into
26%
Give
25%
going
25%
live
25%
away
23%
back
23%
comes
20%
cream
20%
late
19%
long
19%
whip
19%
Whip
19%
Break
16%
around
15%
must
14%
until
11%
gets
10%
Try
10%
wrong
10%
along
9%
Before
8%
Crack
8%
crack
8%
Move
8%
ahead
7%
problem
7%
shape
7%
Shape
7%
slip
7%
Step
7%
forward
6%
something's
6%
mama's
5%
straight
5%
No-one
4%
past
4%
turns
4%
sits
3%
unless
3%
detect
2%
No matching quizzes found
Score Distribution
Percent of People with Each Score
Percentile by Number Answered
Your Score History
You have not taken this quiz since the last reset